[Event "45th FIDE Chess Olympiad Open"]
[Site "Budapest, Hungary"]
[Date "2024.09.19"]
[Round "8"]
[White "Demchenko, Anton"]
[Black "Fluvia Poyatos, Jordi"]
[Result "1-0"]
[Board "66"]
[WhiteFideId "4160258"]
[BlackFideId "2214334"]
[WhiteTitle "GM"]
[BlackTitle "IM"]
[WhiteElo "2597"]
[BlackElo "2438"]
[WhiteTeam "Slovenia"]
[BlackTeam "Andorra"]
[WhiteClock "0:06:36"]
[BlackClock "0:00:54"]
[Variant "Standard"]

1. e4 {[%clk 1:30:57]}  c6 {[%clk 1:30:36]} 2. d4 {[%clk 1:31:22]}  d5 {[%clk 1:30:59]} 3. e5 {[%clk 1:31:48]}  c5 {[%clk 1:31:02]} 4. dxc5 {[%clk 1:30:58]}  e6 {[%clk 1:30:57]} 5. c3 {[%clk 1:31:12]}  Nd7 {[%clk 1:15:47]} 6. Nf3 {[%clk 1:31:33]}  Bxc5 {[%clk 1:15:03]} 7. Nbd2 {[%clk 1:31:30]}  Qc7 {[%clk 1:10:17]} 8. Nb3 {[%clk 1:26:40]}  Bb6 {[%clk 1:03:31]} 9. Bf4 {[%clk 1:24:59]}  Ne7 {[%clk 1:02:12]} 10. Nbd4 {[%clk 1:18:32]}  a6 {[%clk 0:55:48]} 11. Bd3 {[%clk 1:17:16]}  Nc5 {[%clk 0:53:01]} 12. Bc2 {[%clk 1:11:53]}  Bd7 {[%clk 0:46:58]} 13. O-O {[%clk 1:04:18]}  Ng6 {[%clk 0:39:28]} 14. Bg3 {[%clk 1:01:51]}  O-O {[%clk 0:37:12]} 15. Qe2 {[%clk 0:52:55]}  h6 {[%clk 0:30:29]} 16. Rac1 {[%clk 0:40:13]}  Qc8 {[%clk 0:23:21]} 17. Rfe1 {[%clk 0:39:22]}  Qe8 {[%clk 0:22:13]} 18. h4 {[%clk 0:34:47]}  a5 {[%clk 0:21:05]} 19. Nd2 {[%clk 0:29:08]}  f5 {[%clk 0:15:51]} 20. exf6 {[%clk 0:29:19]}  Rxf6 {[%clk 0:16:04]} 21. N2f3 {[%clk 0:28:24]}  Nf4 {[%clk 0:14:19]} 22. Qd2 {[%clk 0:25:48]}  Bc7 {[%clk 0:14:07]} 23. Ne5 {[%clk 0:19:37]}  Ne4 {[%clk 0:07:11]} 24. Rxe4 {[%clk 0:16:03]}  dxe4 {[%clk 0:07:36]} 25. Bxf4 {[%clk 0:16:29]}  Rxf4 {[%clk 0:04:59]} 26. Qxf4 {[%clk 0:16:35]}  Qh5 {[%clk 0:05:19]} 27. Qxe4 {[%clk 0:16:00]}  Qxe5 {[%clk 0:05:43]} 28. Qh7+ {[%clk 0:16:08]}  Kf7 {[%clk 0:06:02]} 29. g3 {[%clk 0:14:48]}  Qf6 {[%clk 0:05:26]} 30. Qe4 {[%clk 0:11:57]}  Rb8 {[%clk 0:05:51]} 31. Re1 {[%clk 0:11:55]}  Bb6 {[%clk 0:05:31]} 32. Re3 {[%clk 0:11:56]}  Bxd4 {[%clk 0:03:11]} 33. Rf3 {[%clk 0:12:13]}  Bc6 {[%clk 0:02:37]} 34. Rxf6+ {[%clk 0:12:29]}  Bxf6 {[%clk 0:03:02]} 35. Qe2 {[%clk 0:12:41]}  b5 {[%clk 0:03:00]} 36. Be4 {[%clk 0:07:56]}  Bd7 {[%clk 0:03:01]} 37. Qe3 {[%clk 0:07:43]}  Rd8 {[%clk 0:02:04]} 38. Qa7 {[%clk 0:08:00]}  b4 {[%clk 0:01:49]} 39. Bc6 {[%clk 0:07:58]}  bxc3 {[%clk 0:01:15]} 40. bxc3 {[%clk 0:08:19]}  Ke8 {[%clk 0:01:07]} 41. Bxd7+ {[%clk 0:08:30]}  Rxd7 {[%clk 0:01:32]} 42. Qxa5 {[%clk 0:08:48]}  Rd2 {[%clk 0:01:11]} 43. c4 {[%clk 0:07:39]}  Rb2 {[%clk 0:01:34]} 44. c5 {[%clk 0:08:01]}  Kd7 {[%clk 0:01:46]} 45. Qa6 {[%clk 0:08:07]}  Be5 {[%clk 0:00:54]} 46. Qd3+ {[%clk 0:06:36]} 1-0

[Event "45th FIDE Chess Olympiad Open"]
[Site "Budapest, Hungary"]
[Date "2024.09.19"]
[Round "8"]
[White "De La Riva Aguado, Oscar"]
[Black "Subelj, Jan"]
[Result "1/2-1/2"]
[Board "67"]
[WhiteFideId "6900224"]
[BlackFideId "14618583"]
[WhiteTitle "GM"]
[BlackTitle "GM"]
[WhiteElo "2431"]
[BlackElo "2498"]
[WhiteTeam "Andorra"]
[BlackTeam "Slovenia"]
[WhiteClock "0:13:49"]
[BlackClock "0:16:25"]
[Variant "Standard"]

1. e4 {[%clk 1:30:57]}  c5 {[%clk 1:30:34]} 2. Nf3 {[%clk 1:30:47]}  d6 {[%clk 1:30:41]} 3. d4 {[%clk 1:30:38]}  cxd4 {[%clk 1:30:54]} 4. Nxd4 {[%clk 1:31:02]}  Nf6 {[%clk 1:30:55]} 5. Nc3 {[%clk 1:31:24]}  a6 {[%clk 1:31:02]} 6. Be3 {[%clk 1:30:00]}  e5 {[%clk 1:30:53]} 7. Nf3 {[%clk 1:29:09]}  Be7 {[%clk 1:30:18]} 8. h3 {[%clk 1:25:39]}  h6 {[%clk 1:24:08]} 9. g4 {[%clk 1:23:29]}  Nbd7 {[%clk 1:17:10]} 10. g5 {[%clk 1:18:29]}  hxg5 {[%clk 1:16:46]} 11. Nxg5 {[%clk 1:18:51]}  Nh5 {[%clk 0:53:18]} 12. Rg1 {[%clk 1:10:16]}  Nf4 {[%clk 0:51:03]} 13. Nf3 {[%clk 0:50:45]}  g5 {[%clk 0:38:42]} 14. Nd5 {[%clk 0:40:45]}  Nxd5 {[%clk 0:37:21]} 15. Qxd5 {[%clk 0:32:08]}  g4 {[%clk 0:30:45]} 16. Bc4 {[%clk 0:29:51]}  Rf8 {[%clk 0:30:46]} 17. hxg4 {[%clk 0:30:06]}  Nf6 {[%clk 0:30:14]} 18. Qd3 {[%clk 0:29:53]}  Nxg4 {[%clk 0:29:39]} 19. O-O-O {[%clk 0:29:45]}  f5 {[%clk 0:24:44]} 20. exf5 {[%clk 0:21:05]}  Bxf5 {[%clk 0:24:28]} 21. Qe2 {[%clk 0:21:24]}  Qd7 {[%clk 0:17:32]} 22. Bb3 {[%clk 0:17:09]}  Qb5 {[%clk 0:16:01]} 23. Bc4 {[%clk 0:16:13]}  Qd7 {[%clk 0:16:08]} 24. Bb3 {[%clk 0:13:42]}  Qb5 {[%clk 0:16:25]} 25. Bc4 {[%clk 0:13:49]} 1/2-1/2

[Event "45th FIDE Chess Olympiad Open"]
[Site "Budapest, Hungary"]
[Date "2024.09.19"]
[Round "8"]
[White "Sebenik, Matej"]
[Black "Ribera Veganzones, Josep Maria"]
[Result "1-0"]
[Board "68"]
[WhiteFideId "14602296"]
[BlackFideId "6900763"]
[WhiteTitle "GM"]
[BlackTitle "CM"]
[WhiteElo "2515"]
[BlackElo "2167"]
[WhiteTeam "Slovenia"]
[BlackTeam "Andorra"]
[WhiteClock "0:06:30"]
[BlackClock "0:00:38"]
[Variant "Standard"]

1. d4 {[%clk 1:30:49]}  d5 {[%clk 1:30:37]} 2. c4 {[%clk 1:31:03]}  e6 {[%clk 1:30:45]} 3. Nc3 {[%clk 1:31:08]}  Nf6 {[%clk 1:30:36]} 4. Bg5 {[%clk 1:31:10]}  dxc4 {[%clk 1:29:52]} 5. e3 {[%clk 1:31:17]}  a6 {[%clk 1:24:30]} 6. Bxc4 {[%clk 1:31:26]}  b5 {[%clk 1:20:40]} 7. Be2 {[%clk 1:31:39]}  c5 {[%clk 1:12:23]} 8. Bxf6 {[%clk 1:24:02]}  gxf6 {[%clk 0:59:29]} 9. Bf3 {[%clk 1:10:15]}  Ra7 {[%clk 0:59:44]} 10. Nge2 {[%clk 1:07:43]}  Nd7 {[%clk 0:51:21]} 11. O-O {[%clk 1:07:14]}  Be7 {[%clk 0:45:16]} 12. dxc5 {[%clk 0:51:17]}  Bxc5 {[%clk 0:32:52]} 13. a4 {[%clk 0:49:36]}  b4 {[%clk 0:30:58]} 14. Ne4 {[%clk 0:49:59]}  Be7 {[%clk 0:29:02]} 15. Nd6+ {[%clk 0:37:36]}  Kf8 {[%clk 0:25:59]} 16. Rc1 {[%clk 0:15:41]}  Rc7 {[%clk 0:26:05]} 17. Rxc7 {[%clk 0:14:02]}  Qxc7 {[%clk 0:26:23]} 18. Nxc8 {[%clk 0:14:25]}  Qxc8 {[%clk 0:26:33]} 19. Qd4 {[%clk 0:14:52]}  Ne5 {[%clk 0:18:37]} 20. Rc1 {[%clk 0:13:56]}  Nxf3+ {[%clk 0:17:18]} 21. gxf3 {[%clk 0:14:23]}  Rg8+ {[%clk 0:17:30]} 22. Kf1 {[%clk 0:14:43]}  Qb7 {[%clk 0:16:56]} 23. Qe4 {[%clk 0:09:44]}  Qxe4 {[%clk 0:15:27]} 24. fxe4 {[%clk 0:10:11]}  Rg5 {[%clk 0:13:04]} 25. Rc8+ {[%clk 0:08:59]}  Kg7 {[%clk 0:13:28]} 26. Rc7 {[%clk 0:07:46]}  Kf8 {[%clk 0:11:57]} 27. Rc6 {[%clk 0:04:05]}  a5 {[%clk 0:11:14]} 28. Rc8+ {[%clk 0:03:18]}  Kg7 {[%clk 0:11:38]} 29. Nd4 {[%clk 0:03:42]}  Rh5 {[%clk 0:07:42]} 30. Rc7 {[%clk 0:03:00]}  Kf8 {[%clk 0:07:04]} 31. Rc8+ {[%clk 0:01:11]}  Kg7 {[%clk 0:07:28]} 32. Kg2 {[%clk 0:01:34]}  Rg5+ {[%clk 0:06:54]} 33. Kf3 {[%clk 0:02:01]}  Rh5 {[%clk 0:06:15]} 34. Rc7 {[%clk 0:02:27]}  Kf8 {[%clk 0:06:12]} 35. Ra7 {[%clk 0:02:54]}  Bd6 {[%clk 0:04:33]} 36. Nc6 {[%clk 0:03:14]}  Rh3+ {[%clk 0:04:38]} 37. Kg2 {[%clk 0:02:40]}  Rxh2+ {[%clk 0:04:56]} 38. Kg1 {[%clk 0:03:08]}  Rh5 {[%clk 0:02:25]} 39. Ra8+ {[%clk 0:03:04]}  Kg7 {[%clk 0:02:49]} 40. Rxa5 {[%clk 0:03:31]}  Rxa5 {[%clk 0:00:40]} 41. Nxa5 {[%clk 0:03:41]}  Kf8 {[%clk 0:29:40]} 42. Nc4 {[%clk 0:18:44]}  Bc5 {[%clk 0:29:05]} 43. Kg2 {[%clk 0:17:25]}  Ke7 {[%clk 0:27:40]} 44. Kg3 {[%clk 0:17:13]}  f5 {[%clk 0:22:39]} 45. exf5 {[%clk 0:10:24]}  exf5 {[%clk 0:22:45]} 46. Kf4 {[%clk 0:10:51]}  Ke6 {[%clk 0:22:41]} 47. b3 {[%clk 0:08:21]}  f6 {[%clk 0:08:20]} 48. a5 {[%clk 0:08:12]}  h5 {[%clk 0:07:04]} 49. Kg3 {[%clk 0:05:43]}  Kd5 {[%clk 0:05:21]} 50. f3 {[%clk 0:06:03]}  Ke6 {[%clk 0:00:36]} 51. Kh4 {[%clk 0:05:35]}  f4 {[%clk 0:00:55]} 52. e4 {[%clk 0:05:25]}  f5 {[%clk 0:00:39]} 53. e5 {[%clk 0:05:28]}  Ba7 {[%clk 0:00:32]} 54. Kxh5 {[%clk 0:05:51]}  Bd4 {[%clk 0:00:32]} 55. Kg6 {[%clk 0:06:07]}  Ba7 {[%clk 0:00:38]} 56. Kg5 {[%clk 0:06:28]}  Be3 {[%clk 0:00:38]} 57. a6 {[%clk 0:06:30]} 1-0

[Event "45th FIDE Chess Olympiad Open"]
[Site "Budapest, Hungary"]
[Date "2024.09.19"]
[Round "8"]
[White "Lazov, Toni"]
[Black "Piorun, Kacper"]
[Result "1-0"]
[Board "70"]
[WhiteFideId "15000770"]
[BlackFideId "1130420"]
[WhiteTitle "IM"]
[BlackTitle "GM"]
[WhiteElo "2360"]
[BlackElo "2599"]
[WhiteTeam "North Macedonia"]
[BlackTeam "Poland"]
[WhiteClock "0:11:46"]
[BlackClock "0:14:29"]
[Variant "Standard"]

1. e4 {[%clk 1:30:56]}  c6 {[%clk 1:30:41]} 2. d4 {[%clk 1:31:15]}  d5 {[%clk 1:31:06]} 3. e5 {[%clk 1:31:40]}  c5 {[%clk 1:31:06]} 4. dxc5 {[%clk 1:31:42]}  e6 {[%clk 1:31:31]} 5. Nf3 {[%clk 1:28:42]}  Bxc5 {[%clk 1:31:51]} 6. Bd3 {[%clk 1:29:01]}  Ne7 {[%clk 1:31:40]} 7. Nbd2 {[%clk 1:22:27]}  Nec6 {[%clk 1:17:28]} 8. a3 {[%clk 1:13:51]}  a5 {[%clk 1:08:03]} 9. O-O {[%clk 1:11:54]}  Nd7 {[%clk 1:08:13]} 10. Re1 {[%clk 1:04:30]}  Be7 {[%clk 1:02:35]} 11. a4 {[%clk 0:48:16]}  Qc7 {[%clk 0:57:05]} 12. Qe2 {[%clk 0:46:51]}  Nc5 {[%clk 0:57:21]} 13. Bb5 {[%clk 0:42:29]}  O-O {[%clk 0:56:06]} 14. Nf1 {[%clk 0:37:27]}  f5 {[%clk 0:45:29]} 15. exf6 {[%clk 0:31:02]}  Bxf6 {[%clk 0:45:53]} 16. Be3 {[%clk 0:30:18]}  Ne4 {[%clk 0:35:10]} 17. c3 {[%clk 0:30:20]}  Nd6 {[%clk 0:33:03]} 18. Ng3 {[%clk 0:27:03]}  e5 {[%clk 0:31:26]} 19. Qd2 {[%clk 0:21:04]}  Ne7 {[%clk 0:31:04]} 20. Bg5 {[%clk 0:18:29]}  Ndf5 {[%clk 0:27:53]} 21. Nxf5 {[%clk 0:15:05]}  Bxf5 {[%clk 0:27:22]} 22. Nxe5 {[%clk 0:15:14]}  Bxg5 {[%clk 0:26:54]} 23. Qxg5 {[%clk 0:15:42]}  Be4 {[%clk 0:26:58]} 24. Nd7 {[%clk 0:12:29]}  Rf7 {[%clk 0:15:58]} 25. f3 {[%clk 0:12:42]}  Rd8 {[%clk 0:13:06]} 26. fxe4 {[%clk 0:12:31]}  Rxd7 {[%clk 0:13:34]} 27. Bxd7 {[%clk 0:12:43]}  Qxd7 {[%clk 0:14:01]} 28. exd5 {[%clk 0:12:00]}  h6 {[%clk 0:14:29]} 29. Qe5 {[%clk 0:11:46]} 1-0

[Event "45th FIDE Chess Olympiad Open"]
[Site "Budapest, Hungary"]
[Date "2024.09.19"]
[Round "8"]
[White "Bartel, Mateusz"]
[Black "Nikolovski, Nikola"]
[Result "1-0"]
[Board "71"]
[WhiteFideId "1112635"]
[BlackFideId "15002314"]
[WhiteTitle "GM"]
[BlackTitle "IM"]
[WhiteElo "2618"]
[BlackElo "2388"]
[WhiteTeam "Poland"]
[BlackTeam "North Macedonia"]
[WhiteClock "0:31:00"]
[BlackClock "0:26:58"]
[Variant "Standard"]

1. d4 {[%clk 1:30:57]}  c5 {[%clk 1:30:33]} 2. d5 {[%clk 1:31:16]}  e5 {[%clk 1:30:35]} 3. c4 {[%clk 1:28:10]}  d6 {[%clk 1:30:27]} 4. Nc3 {[%clk 1:28:39]}  Be7 {[%clk 1:29:59]} 5. g3 {[%clk 1:29:02]}  f5 {[%clk 1:27:21]} 6. h4 {[%clk 1:17:45]}  Nf6 {[%clk 1:23:29]} 7. Nf3 {[%clk 1:16:58]}  h6 {[%clk 1:10:02]} 8. Bh3 {[%clk 1:16:02]}  O-O {[%clk 1:07:17]} 9. Qc2 {[%clk 1:16:26]}  e4 {[%clk 1:03:53]} 10. Nd2 {[%clk 1:13:10]}  Nh5 {[%clk 0:57:33]} 11. Nf1 {[%clk 1:08:22]}  Bf6 {[%clk 0:42:45]} 12. Bd2 {[%clk 1:01:52]}  a6 {[%clk 0:42:14]} 13. Ne3 {[%clk 1:01:44]}  Bd4 {[%clk 0:40:31]} 14. a4 {[%clk 0:59:42]}  Kh8 {[%clk 0:33:43]} 15. Ng2 {[%clk 0:56:41]}  Nd7 {[%clk 0:30:47]} 16. e3 {[%clk 0:56:15]}  Ne5 {[%clk 0:18:00]} 17. exd4 {[%clk 0:54:28]}  cxd4 {[%clk 0:18:24]} 18. Nd1 {[%clk 0:34:56]}  Nf3+ {[%clk 0:16:04]} 19. Kf1 {[%clk 0:35:24]}  e3 {[%clk 0:16:16]} 20. Ndxe3 {[%clk 0:30:03]}  Nxd2+ {[%clk 0:08:38]} 21. Qxd2 {[%clk 0:30:31]}  dxe3 {[%clk 0:08:50]} 22. Qxe3 {[%clk 0:30:58]}  f4 {[%clk 0:08:16]} 23. gxf4 {[%clk 0:30:48]}  Qf6 {[%clk 0:08:08]} 24. Qd2 {[%clk 0:21:30]}  Bf5 {[%clk 0:07:11]} 25. Re1 {[%clk 0:19:37]}  Rac8 {[%clk 0:06:31]} 26. b3 {[%clk 0:19:16]}  b5 {[%clk 0:06:09]} 27. Bxf5 {[%clk 0:15:25]}  Qxf5 {[%clk 0:06:32]} 28. axb5 {[%clk 0:15:30]}  axb5 {[%clk 0:06:55]} 29. cxb5 {[%clk 0:15:52]}  Rc2 {[%clk 0:06:26]} 30. Qd4 {[%clk 0:14:56]}  Ra2 {[%clk 0:02:22]} 31. b6 {[%clk 0:12:11]}  Qg4 {[%clk 0:01:23]} 32. Qe3 {[%clk 0:09:51]}  Nxf4 {[%clk 0:00:53]} 33. Nxf4 {[%clk 0:09:58]}  Rxf4 {[%clk 0:01:17]} 34. Rh2 {[%clk 0:10:11]}  Ra8 {[%clk 0:00:33]} 35. Rg2 {[%clk 0:07:00]}  Qxh4 {[%clk 0:00:58]} 36. b7 {[%clk 0:07:23]}  Raf8 {[%clk 0:01:20]} 37. Kg1 {[%clk 0:07:45]}  Rg4 {[%clk 0:01:09]} 38. Ra1 {[%clk 0:03:21]}  Rxg2+ {[%clk 0:00:36]} 39. Kxg2 {[%clk 0:03:50]}  Rb8 {[%clk 0:00:31]} 40. Ra8 {[%clk 0:03:04]}  Qg4+ {[%clk 0:00:35]} 41. Kf1 {[%clk 0:00:53]}  Qd1+ {[%clk 0:30:24]} 42. Qe1 {[%clk 0:31:17]}  Qd3+ {[%clk 0:30:24]} 43. Qe2 {[%clk 0:31:41]}  Qb1+ {[%clk 0:28:58]} 44. Kg2 {[%clk 0:30:50]}  Qg6+ {[%clk 0:26:58]} 45. Kh2 {[%clk 0:31:00]} 1-0

[Event "45th FIDE Chess Olympiad Open"]
[Site "Budapest, Hungary"]
[Date "2024.09.19"]
[Round "8"]
[White "Risteski, Emil"]
[Black "Gumularz, Szymon"]
[Result "1/2-1/2"]
[Board "72"]
[WhiteFideId "15005267"]
[BlackFideId "1188062"]
[WhiteTitle "IM"]
[BlackTitle "GM"]
[WhiteElo "2367"]
[BlackElo "2571"]
[WhiteTeam "North Macedonia"]
[BlackTeam "Poland"]
[WhiteClock "0:28:38"]
[BlackClock "0:28:57"]
[Variant "Standard"]

1. e4 {[%clk 1:30:17]}  c5 {[%clk 1:30:52]} 2. Nf3 {[%clk 1:30:41]}  Nc6 {[%clk 1:31:17]} 3. d4 {[%clk 1:31:07]}  cxd4 {[%clk 1:31:42]} 4. Nxd4 {[%clk 1:31:34]}  e5 {[%clk 1:32:07]} 5. Nb5 {[%clk 1:31:48]}  d6 {[%clk 1:32:33]} 6. c4 {[%clk 1:29:15]}  Be6 {[%clk 1:29:59]} 7. Be2 {[%clk 1:25:01]}  a6 {[%clk 1:29:02]} 8. N5c3 {[%clk 1:23:41]}  g6 {[%clk 1:28:07]} 9. O-O {[%clk 1:22:55]}  Bg7 {[%clk 1:28:16]} 10. Nd5 {[%clk 1:21:25]}  Nd4 {[%clk 1:22:04]} 11. Nbc3 {[%clk 1:20:21]}  Nf6 {[%clk 1:21:14]} 12. Bg5 {[%clk 1:17:56]}  h6 {[%clk 1:20:55]} 13. Be3 {[%clk 1:17:33]}  Nxd5 {[%clk 1:12:18]} 14. cxd5 {[%clk 1:17:11]}  Bd7 {[%clk 1:07:12]} 15. Qd2 {[%clk 1:15:26]}  Rc8 {[%clk 1:04:48]} 16. Bd3 {[%clk 1:14:01]}  h5 {[%clk 0:57:23]} 17. Ne2 {[%clk 1:09:23]}  O-O {[%clk 0:50:09]} 18. Qb4 {[%clk 1:05:27]}  Bb5 {[%clk 0:49:08]} 19. Bxb5 {[%clk 1:02:56]}  Nc2 {[%clk 0:49:31]} 20. Qd2 {[%clk 1:03:04]}  axb5 {[%clk 0:49:53]} 21. Rac1 {[%clk 1:03:27]}  Nxe3 {[%clk 0:50:17]} 22. Qxe3 {[%clk 1:03:40]}  Qa5 {[%clk 0:50:17]} 23. a3 {[%clk 1:03:21]}  Kh7 {[%clk 0:45:04]} 24. Qb3 {[%clk 1:00:39]}  Bh6 {[%clk 0:41:06]} 25. Rxc8 {[%clk 0:58:53]}  Rxc8 {[%clk 0:41:33]} 26. Nc3 {[%clk 0:59:16]}  Rc5 {[%clk 0:41:21]} 27. Rd1 {[%clk 0:56:51]}  Kg8 {[%clk 0:39:09]} 28. g3 {[%clk 0:55:14]}  Bg5 {[%clk 0:35:39]} 29. h4 {[%clk 0:53:34]}  Bd8 {[%clk 0:35:34]} 30. Kg2 {[%clk 0:52:58]}  Qa6 {[%clk 0:34:59]} 31. Rd3 {[%clk 0:44:32]}  Kg7 {[%clk 0:33:21]} 32. Qd1 {[%clk 0:39:08]}  Rc7 {[%clk 0:24:45]} 33. Re3 {[%clk 0:35:43]}  Rc4 {[%clk 0:19:31]} 34. g4 {[%clk 0:32:07]}  Bb6 {[%clk 0:16:40]} 35. Rd3 {[%clk 0:22:30]}  b4 {[%clk 0:12:21]} 36. axb4 {[%clk 0:21:25]}  Rxb4 {[%clk 0:12:44]} 37. gxh5 {[%clk 0:20:19]}  Rxb2 {[%clk 0:09:00]} 38. Rf3 {[%clk 0:18:34]}  Qa7 {[%clk 0:08:48]} 39. hxg6 {[%clk 0:18:11]}  fxg6 {[%clk 0:08:38]} 40. Qg1 {[%clk 0:08:38]}  Qa3 {[%clk 0:06:30]} 41. h5 {[%clk 0:28:37]}  Bxf2 {[%clk 0:28:53]} 42. Rxf2 {[%clk 0:28:51]}  Qxc3 {[%clk 0:28:38]} 43. Rxb2 {[%clk 0:29:00]}  Qxb2+ {[%clk 0:29:03]} 44. Kh1 {[%clk 0:29:25]}  Kh8 {[%clk 0:27:27]} 45. Qxg6 {[%clk 0:29:31]}  Qc1+ {[%clk 0:27:52]} 46. Kg2 {[%clk 0:28:57]}  Qd2+ {[%clk 0:28:18]} 47. Kf3 {[%clk 0:28:34]}  Qd1+ {[%clk 0:28:44]} 48. Kg2 {[%clk 0:28:38]}  Qe2+ {[%clk 0:28:57]} 1/2-1/2

[Event "45th FIDE Chess Olympiad Open"]
[Site "Budapest, Hungary"]
[Date "2024.09.19"]
[Round "8"]
[White "Tin, Jingyao"]
[Black "Theodorou, Nikolas"]
[Result "1/2-1/2"]
[Board "73"]
[WhiteFideId "5804418"]
[BlackFideId "4262875"]
[WhiteTitle "GM"]
[BlackTitle "GM"]
[WhiteElo "2580"]
[BlackElo "2619"]
[WhiteTeam "Singapore"]
[BlackTeam "Greece"]
[WhiteClock "0:05:55"]
[BlackClock "0:01:37"]
[Variant "Standard"]

1. d4 {[%clk 1:30:50]}  e6 {[%clk 1:30:54]} 2. c4 {[%clk 1:31:04]}  b6 {[%clk 1:31:12]} 3. e4 {[%clk 1:29:57]}  Bb4+ {[%clk 1:31:39]} 4. Bd2 {[%clk 1:29:35]}  Bxd2+ {[%clk 1:32:00]} 5. Qxd2 {[%clk 1:29:09]}  d5 {[%clk 1:32:27]} 6. Bd3 {[%clk 1:29:08]}  Nc6 {[%clk 1:32:23]} 7. Nf3 {[%clk 1:18:09]}  dxe4 {[%clk 1:30:02]} 8. Bxe4 {[%clk 1:18:30]}  Bb7 {[%clk 1:30:28]} 9. Nc3 {[%clk 1:16:41]}  Nf6 {[%clk 1:30:20]} 10. Bc2 {[%clk 1:16:37]}  O-O {[%clk 1:30:17]} 11. O-O-O {[%clk 1:11:20]}  Nb4 {[%clk 1:30:34]} 12. Bb1 {[%clk 1:10:05]}  c5 {[%clk 1:30:59]} 13. dxc5 {[%clk 1:08:13]}  Qc7 {[%clk 1:30:08]} 14. Qd6 {[%clk 1:03:51]}  Qxc5 {[%clk 1:29:38]} 15. Qxc5 {[%clk 1:02:46]}  bxc5 {[%clk 1:30:04]} 16. Rd6 {[%clk 0:57:44]}  Rfd8 {[%clk 1:20:57]} 17. Rhd1 {[%clk 0:53:36]}  Rxd6 {[%clk 1:21:07]} 18. Rxd6 {[%clk 0:54:02]}  Bxf3 {[%clk 1:21:28]} 19. gxf3 {[%clk 0:54:13]}  Kf8 {[%clk 1:21:55]} 20. a3 {[%clk 0:37:09]}  Ke7 {[%clk 1:22:17]} 21. Nb5 {[%clk 0:33:41]}  Rb8 {[%clk 1:16:36]} 22. axb4 {[%clk 0:32:06]}  Rxb5 {[%clk 1:14:15]} 23. Ra6 {[%clk 0:32:32]}  Rxb4 {[%clk 1:14:31]} 24. Rxa7+ {[%clk 0:32:59]}  Nd7 {[%clk 1:13:38]} 25. Bd3 {[%clk 0:33:22]}  g5 {[%clk 1:08:41]} 26. Kc2 {[%clk 0:32:24]}  f5 {[%clk 1:04:34]} 27. b3 {[%clk 0:31:05]}  h5 {[%clk 0:56:01]} 28. Kc3 {[%clk 0:30:25]}  Rb8 {[%clk 0:51:02]} 29. Bc2 {[%clk 0:28:52]}  Kd6 {[%clk 0:39:42]} 30. Bd1 {[%clk 0:24:43]}  Nf6 {[%clk 0:29:20]} 31. Rf7 {[%clk 0:23:41]}  Ke5 {[%clk 0:28:54]} 32. Rc7 {[%clk 0:23:39]}  g4 {[%clk 0:28:41]} 33. Rf7 {[%clk 0:11:47]}  Rd8 {[%clk 0:20:59]} 34. Kc2 {[%clk 0:11:21]}  Rd4 {[%clk 0:17:53]} 35. Rc7 {[%clk 0:08:10]}  gxf3 {[%clk 0:15:54]} 36. Bxf3 {[%clk 0:08:07]}  Rf4 {[%clk 0:16:04]} 37. Bb7 {[%clk 0:06:08]}  Rxf2+ {[%clk 0:08:25]} 38. Kc3 {[%clk 0:05:51]}  Ne4+ {[%clk 0:03:37]} 39. Bxe4 {[%clk 0:06:16]}  Kxe4 {[%clk 0:04:03]} 40. Rxc5 {[%clk 0:06:40]}  Rxh2 {[%clk 0:03:35]} 41. Rc6 {[%clk 0:30:13]}  e5 {[%clk 0:28:49]} 42. Rf6 {[%clk 0:18:55]}  Rh3+ {[%clk 0:20:47]} 43. Kb2 {[%clk 0:15:41]}  f4 {[%clk 0:17:47]} 44. c5 {[%clk 0:15:25]}  Kd5 {[%clk 0:09:51]} 45. c6 {[%clk 0:13:41]}  Rg3 {[%clk 0:09:57]} 46. b4 {[%clk 0:11:59]}  Rg8 {[%clk 0:10:24]} 47. Kb3 {[%clk 0:09:01]}  h4 {[%clk 0:09:18]} 48. b5 {[%clk 0:08:08]}  Kc5 {[%clk 0:07:11]} 49. c7 {[%clk 0:07:33]}  Kxb5 {[%clk 0:06:04]} 50. Re6 {[%clk 0:07:57]}  h3 {[%clk 0:03:04]} 51. Rxe5+ {[%clk 0:06:07]}  Kc6 {[%clk 0:01:55]} 52. Rh5 {[%clk 0:05:26]}  Kxc7 {[%clk 0:01:43]} 53. Kc4 {[%clk 0:05:06]}  Rg3 {[%clk 0:01:15]} 54. Kd4 {[%clk 0:05:21]}  Re3 {[%clk 0:00:47]} 55. Rh4 {[%clk 0:04:54]}  Ra3 {[%clk 0:01:04]} 56. Ke4 {[%clk 0:04:16]}  Kd6 {[%clk 0:00:54]} 57. Rh6+ {[%clk 0:04:26]}  Ke7 {[%clk 0:00:37]} 58. Kxf4 {[%clk 0:04:48]}  Kf7 {[%clk 0:00:44]} 59. Kg4 {[%clk 0:05:08]}  Kg7 {[%clk 0:01:10]} 60. Rxh3 {[%clk 0:05:33]}  Rxh3 {[%clk 0:01:37]} 61. Kxh3 {[%clk 0:05:55]} 1/2-1/2

[Event "45th FIDE Chess Olympiad Open"]
[Site "Budapest, Hungary"]
[Date "2024.09.19"]
[Round "8"]
[White "Kourkoulos-Arditis, Stamatis"]
[Black "Siddharth, Jagadeesh"]
[Result "1/2-1/2"]
[Board "74"]
[WhiteFideId "4221990"]
[BlackFideId "5818320"]
[WhiteTitle "GM"]
[BlackTitle "GM"]
[WhiteElo "2570"]
[BlackElo "2514"]
[WhiteTeam "Greece"]
[BlackTeam "Singapore"]
[WhiteClock "0:09:30"]
[BlackClock "0:11:33"]
[Variant "Standard"]

1. e4 {[%clk 1:30:57]}  c5 {[%clk 1:30:53]} 2. Nf3 {[%clk 1:31:23]}  d6 {[%clk 1:31:18]} 3. d4 {[%clk 1:31:49]}  cxd4 {[%clk 1:31:41]} 4. Nxd4 {[%clk 1:32:15]}  Nf6 {[%clk 1:32:04]} 5. Nc3 {[%clk 1:32:39]}  a6 {[%clk 1:32:23]} 6. Be2 {[%clk 1:31:27]}  e5 {[%clk 1:32:45]} 7. Nb3 {[%clk 1:31:53]}  Be7 {[%clk 1:33:10]} 8. Be3 {[%clk 1:32:15]}  Be6 {[%clk 1:33:30]} 9. Nd5 {[%clk 1:31:37]}  Nbd7 {[%clk 1:33:50]} 10. Qd3 {[%clk 1:31:59]}  Bxd5 {[%clk 1:34:10]} 11. exd5 {[%clk 1:32:23]}  Rc8 {[%clk 1:34:31]} 12. c4 {[%clk 1:27:13]}  O-O {[%clk 1:34:49]} 13. O-O {[%clk 1:24:54]}  a5 {[%clk 1:35:06]} 14. Rac1 {[%clk 1:18:59]}  b6 {[%clk 1:33:22]} 15. Nd2 {[%clk 1:18:29]}  g6 {[%clk 1:20:41]} 16. f4 {[%clk 1:04:17]}  exf4 {[%clk 0:56:06]} 17. Bxf4 {[%clk 1:04:28]}  Ne5 {[%clk 0:55:06]} 18. Qg3 {[%clk 0:56:01]}  Nfd7 {[%clk 0:53:26]} 19. Nb3 {[%clk 0:43:14]}  Bh4 {[%clk 0:46:11]} 20. Qe3 {[%clk 0:41:02]}  Re8 {[%clk 0:42:55]} 21. Qd2 {[%clk 0:41:22]}  Nc5 {[%clk 0:41:54]} 22. Nxc5 {[%clk 0:37:25]}  bxc5 {[%clk 0:40:26]} 23. Rc3 {[%clk 0:37:28]}  Rb8 {[%clk 0:39:20]} 24. Bd1 {[%clk 0:33:49]}  Qd7 {[%clk 0:21:47]} 25. Rh3 {[%clk 0:23:47]}  Bd8 {[%clk 0:21:51]} 26. Bxe5 {[%clk 0:14:13]}  Rxe5 {[%clk 0:22:14]} 27. Qh6 {[%clk 0:12:37]}  f5 {[%clk 0:21:57]} 28. g4 {[%clk 0:12:57]}  Qg7 {[%clk 0:13:52]} 29. Qxg7+ {[%clk 0:09:12]}  Kxg7 {[%clk 0:14:21]} 30. b3 {[%clk 0:09:30]}  fxg4 {[%clk 0:11:33]} 1/2-1/2